Les Pokémon de la 9G - Statistiques

Statistiques générales
  • Ce quiz a été pris 50 fois
  • Le résultat moyen est 69 sur 120
Statistiques - réponses
Numéro Nom % Correct
909 Chochodile
89%
908 Miascarade
89%
906 Poussacha
89%
912 Coiffeton
84%
910 Crocogril
84%
914 Palmaval
84%
911 Flâmigator
79%
907 Matourgeon
79%
1008 Miraidon
79%
943 Dogrino
74%
920 Gambex
74%
1007 Koraidon
74%
962 Lestombaile
74%
960 Taupikeau
74%
1024 Terapagos
74%
917 Tissenboule
74%
961 Triopikeau
74%
913 Canarbello
68%
1023 Chef-de-Fer
68%
950 Craparoi
68%
941 Fulgulairo
68%
915 Gourmelet
68%
980 Terraiste
68%
993 Têtes-de-Fer
68%
1004 Yuyu
68%
1002 Baojian
63%
927 Briochien
63%
1001 Chongjian
63%
982 Deusolourdo
63%
1003 Dinglu
63%
1016 Favianos
63%
968 Ferdeter
63%
987 Flotte-Mèche
63%
916 Fragroin
63%
998 Glaivodo
63%
942 Grondogue
63%
985 Hurle-Queue
63%
1021 Ire-Foudre
63%
967 Motorizard
63%
977 Oyacata
63%
921 Pohm
63%
923 Pohmarmotte
63%
922 Pohmotte
63%
1009 Serpente-Eau
63%
940 Zapétrel
63%
935 Charbambin
58%
956 Cléopsytra
58%
1014 Félicanis
58%
918 Filentrappe
58%
959 Forgelina
58%
958 Forgella
58%
957 Forgerette
58%
1015 Fortusimia
58%
1006 Garde-de-Fer
58%
991 Hotte-de-Fer
58%
994 Mite-de-Fer
58%
978 Nigirigon
58%
926 Pâtachiot
58%
990 Roue-de-Fer
58%
1005 Rugit-Lune
58%
983 Scalpereur
58%
948 Terracool
58%
949 Terracruel
58%
972 Tomberro
58%
1010 Vert-de-Fer
58%
965 Vrombi
58%
966 Vrombotor
58%
939 Ampibidou
53%
936 Carmadura
53%
997 Cryodo
53%
976 Délestin
53%
963 Dofin
53%
955 Flotillon
53%
984 Fort-Ivoire
53%
996 Frigodo
53%
919 Lilliterelle
53%
937 Malvalame
53%
1017 Ogerpon
53%
992 Paume-de-Fer
53%
1025 Pêchaminus
53%
989 Pelage-Sablé
53%
1022 Roc-de-Fer
53%
964 Superdofin
53%
938 Têtampoule
53%
954 Bérasca
47%
924 Compagnol
47%
979 Courrousinge
47%
995 Épine-de-Fer
47%
925 Famignol
47%
1020 Feu-Perçant
47%
970 Floréclat
47%
986 Fongus-Furie
47%
1000 Gromago
47%
999 Mordudor
47%
929 Olivado
47%
928 Olivini
47%
1018 Pondralugon
47%
952 Scovilain
47%
971 Toutombe
47%
946 Virovent
47%
975 Balbalèze
42%
934 Gigansel
42%
944 Gribouraigne
42%
953 Léboulérou
42%
951 Pimito
42%
1012 Poltchageist
42%
932 Selutin
42%
945 Tag-Tag
42%
947 Virevorreur
42%
933 Amassel
37%
930 Arboliva
37%
981 Farigiraf
37%
973 Flamenroule
37%
969 Germéclat
37%
1019 Pomdorochi
37%
1011 Pomdramour
37%
988 Rampe-Ailes
37%
1013 Théffroyable
37%
974 Piétacé
32%
931 Tapatoès
32%
Aucun quiz correspondant
Distribution des résultats
% des personnes avec chaque résultat
Percentile par nombre de réponses
Votre historique - résultats
Vous n’avez pas pris ce quiz